Actualidad de las viejas temáticas: clase, estratificación y movilidad social en América Latina /

সংরক্ষণ করুন:
গ্রন্থ-পঞ্জীর বিবরন
প্রধান লেখক: Filgueira, Carlos
বিন্যাস: পাঠ‍্য
ট্যাগগুলো: ট্যাগ যুক্ত করুন
কোনো ট্যাগ নেই, প্রথমজন হিসাবে ট্যাগ করুন!

MARC

LEADER 00000 a a2200000 04500
001 47247
003
040
100 |a Filgueira, Carlos  
245 |a Actualidad de las viejas temáticas:   |b clase, estratificación y movilidad social en América Latina /  |c Carlos Filgueira  
773 |g páginas 73-120  
999 |c 36296  |d 36296